000 00715nam a22002411 4500
001 134085
003 ES-MaACL
005 20250522203632.0
007 t|
008 070905s1969 sp ||||0| cat d
016 7 _zIND2000943423
040 _aM-BN
_bspa
_cCDM
080 _a82-311.2"19"
100 1 _aWest, Nathanael.
_9116551
245 1 3 _aUn milió pelat /
_cNathanael West ; [traducció de Ramón Folch y Camarasa].
260 _aBarcelona :
_bEdicions 62,
_c1969.
300 _a141 p. ;
_c20 cm.
490 1 _aEl balancí ;
_v58
700 1 _aFolch i Camarasa, Ramon,
_d1926-
_951450
830 0 _aEl balancí ;
_v58
_9182050
852 _aES-MaACL
_jC-50371
_bR.70681
999 _c134085
_d134085